Snow monster mystery / (Record no. 1205)

MARC details
000 -LEADER
fixed length control field 01139cam a22003133a 4500
005 - DATE AND TIME OF LATEST TRANSACTION
control field 20230908162604.0
020 ## - INTERNATIONAL STANDARD BOOK NUMBER
International Standard Book Number 078073003990
040 ## - CATALOGING SOURCE
Original cataloging agency HQB
Transcribing agency HQB
Modifying agency OCL
-- DLC
Language of cataloging eng
050 00 - LIBRARY OF CONGRESS CALL NUMBER
Classification number 367
082 ## - DEWEY DECIMAL CLASSIFICATION NUMBER
Edition number Fic
100 1# - MAIN ENTRY--PERSONAL NAME
Personal name Jones, Marcia Thornton and Dadey, Debbie
245 10 - TITLE STATEMENT
Title Snow monster mystery /
Statement of responsibility, etc. by Marcia Thornton Jones and Debbie Dadey ; illustrated by John Steven Gurney.
260 ## - PUBLICATION, DISTRIBUTION, ETC.
Place of publication, distribution, etc. New York :
Name of publisher, distributor, etc. Scholastic,
Date of publication, distribution, etc. 1999.
300 ## - PHYSICAL DESCRIPTION
Extent 75 pages :
Other physical details Illustrations ;
Dimensions 20 cm
490 ## - SERIES STATEMENT
Series statement The Bailey City Monsters
Volume/sequential designation Book 8
500 ## - GENERAL NOTE
General note "A Little Apple paperback."
505 2# - FORMATTED CONTENTS NOTE
Formatted contents note R <br/>
520 ## - SUMMARY, ETC.
Summary, etc. Bailey City is full of some pretty weird grown-ups, and it's the perfect place for the spooky Hauntly Manor Inn. Could Kilmer's uncle Yetta really be the Abominable Snowman?
521 ## - TARGET AUDIENCE NOTE
Target audience note 670 <br/>
Source Lexile <br/>
521 ## - TARGET AUDIENCE NOTE
Target audience note R <br/>
Source Raz-Plus <br/>
650 #0 - SUBJECT ADDED ENTRY--TOPICAL TERM
Topical term or geographic name entry element Monsters
Form subdivision Juvenile fiction.
650 #0 - SUBJECT ADDED ENTRY--TOPICAL TERM
Topical term or geographic name entry element Yeti
Form subdivision Juvenile fiction.
655 #7 - INDEX TERM--GENRE/FORM
Genre/form data or focus term Children's stories.
Source of term lcsh
700 1# - ADDED ENTRY--PERSONAL NAME
Personal name Dadey, Debbie.
700 1# - ADDED ENTRY--PERSONAL NAME
Personal name Gurney, John Steven,
Dates associated with a name 1962-
906 ## - LOCAL DATA ELEMENT F, LDF (RLIN)
a 7
b cbc
c copycat
d 2
e ncip
f 20
g y-genrareb
942 ## - ADDED ENTRY ELEMENTS (KOHA)
Source of classification or shelving scheme Dewey Decimal Classification
Koha item type Books
Suppress in OPAC No
999 ## -
-- 1205
-- 1205
Holdings
Withdrawn status Lost status Source of classification or shelving scheme Damaged status Not for loan Collection Home library Current library Shelving location Date acquired Total Checkouts Full call number Barcode Date last seen Date last checked out Price effective from Koha item type
    Dewey Decimal Classification     Juvenile Fiction Footprints International School Library Network Toul Kork Campus Footprints International School Library Network Toul Kork Campus   08/08/2023 1 DAD Fic PZ7.367 FISSE04469 02/06/2024 01/30/2024 08/08/2023 Books